00624 2200229 4500001002100000005001500021035002000036007000300056008004100059020001800100082001200118084001800130100002600148245008500174250001000259260004500269300002100314650002000335700001900355990000900374990001100383INLIS00000000000243120181121101304 a0010-1118000034ta181121 g 1 ind  a979-96666-2-7 a362.042 a362.042 ALE c0 aALEXANDER, Sriewijono1 aCosmopolitan Answer Your Question /cAlexander Sriewijono; editor, Reda Gaudiamo acet.1 aJakarta :bCosmopolitan Indonesia,c2004 a147 hlm ;c19 cm aSOSIAL, MASALAH0 aREDA, Gaudiamo a5080 a6295 a